<?xml version="1.0" encoding="UTF-8"?><?xml-stylesheet type="text/xsl" href="static/style.xsl"?><OAI-PMH xmlns="http://www.openarchives.org/OAI/2.0/" xmlns:xsi="http://www.w3.org/2001/XMLSchema-instance" xsi:schemaLocation="http://www.openarchives.org/OAI/2.0/ http://www.openarchives.org/OAI/2.0/OAI-PMH.xsd"><responseDate>2026-04-29T07:24:16Z</responseDate><request verb="GetRecord" identifier="oai:repisalud.isciii.es:20.500.12105/5810" metadataPrefix="marc">https://repisalud.isciii.es/rest/oai/request</request><GetRecord><record><header><identifier>oai:repisalud.isciii.es:20.500.12105/5810</identifier><datestamp>2025-04-02T09:03:26Z</datestamp><setSpec>com_20.500.12105_2203</setSpec><setSpec>com_20.500.12105_2202</setSpec><setSpec>col_20.500.12105_19585</setSpec></header><metadata><record xmlns="http://www.loc.gov/MARC21/slim" xmlns:dcterms="http://purl.org/dc/terms/" xmlns:doc="http://www.lyncode.com/xoai" xmlns:xsi="http://www.w3.org/2001/XMLSchema-instance" xsi:schemaLocation="http://www.loc.gov/MARC21/slim http://www.loc.gov/standards/marcxml/schema/MARC21slim.xsd">
   <leader>00925njm 22002777a 4500</leader>
   <datafield ind2=" " ind1=" " tag="042">
      <subfield code="a">dc</subfield>
   </datafield>
   <datafield ind2=" " ind1=" " tag="720">
      <subfield code="a">Instituto de Salud Carlos III. Gabinete de prensa</subfield>
      <subfield code="e">author</subfield>
   </datafield>
   <datafield ind2=" " ind1=" " tag="260">
      <subfield code="c">2012-07-10</subfield>
   </datafield>
   <datafield ind2=" " ind1=" " tag="520">
      <subfield code="a">Nota de prensa sobre el desarrollo de una nueva molécula para evitar la transmisión del VIH por vía sexual. La nueva sustancia, pionera tanto por su mecanismo de acción como por su estructura química molecular, podría suponer un método barrera altamente eficaz para evitar el contagio por vía sexual. En la investigación, que será coordinada por Jose Alcamí, Jefe de la Unidad de Inmunopatología del Sida del Instituto de Salud Carlos III de Madrid, participarán más de 20 investigadores pertenecientes a centros de investigación de Francia e Italia. El proyecto ha sido posible gracias a la patente de una empresa de biotecnología española, Seprox, que espera que pueda estar disponible para la población en el plazo de dos años. La Comisión Europea (que lo ha seleccionado de entre más de 100 proyectos de muy diversa índole) le ha dotado de 2 millones de euros para avanzar en su desarrollo.</subfield>
   </datafield>
   <datafield ind1="8" ind2=" " tag="024">
      <subfield code="a">http://hdl.handle.net/20.500.12105/5810</subfield>
   </datafield>
   <datafield tag="653" ind2=" " ind1=" ">
      <subfield code="a">evitar la transmisión del VIH</subfield>
   </datafield>
   <datafield ind2="0" ind1="0" tag="245">
      <subfield code="a">El Instituto de Salud Carlos III liderará un proyecto europeo sobre el desarrollo de una nueva molécula para evitar la transmisión del VIH por vía sexual</subfield>
   </datafield>
</record></metadata></record></GetRecord></OAI-PMH>